Bajki Disneya - Statystyki

Ogólne statystyki
  • Ten quiz został rozwiązany 7 126 razy
  • Średni wynik to 21 z 32
Statystyki odpowiedzi
Opis Tytuł bajki % Poprawnych
Opowiada o przygodach dużej ilości psów, które posiadają charakterystyczne kropki 101 Dalmatyńczyków
94%
Dziewczyna będą dla macochy i przyrodnich sióstr służącą Kopciuszek
93%
Dziewczyna posiada moc tworzenia lodu i śniegu Kraina Lodu
93%
Opowieść o zwierzętach leśnych. Główny bohater jest jelonkiem Bambi
89%
Ojciec rzeźbi sobie syna z kawałka drewna Pinokio
89%
Film opowiadający o zabawkach chłopca o imieniu Andy Toy Story
82%
Królicza policjantka wyjeżdża do miasta gdzie zwierzęta żyją w spokoju i zgodzie Zwierzogród
82%
Młoda dziewczyna w zamian za wolność ojca wiąże się z potworem Piękna i Bestia
81%
Szczur zostaje zatrudniony w restauracji poprzez nawiązanie współpracy z młodym kucharzem Ratatuj
81%
Historia rodziny z supermocami Iniemamocni
80%
Chłopak wychowany przez gorylicę trafia na swojej drodze na kobietę, w której się zakochuje Tarzan
80%
Morskie opowieści czerwonowłosej córki Trytona Mała Syrenka
78%
Historie z miasta, w którym pojazdy posiadają ludzkie cechy Auta
76%
Miłosna historia pary psów Zakochany Kundel
76%
Historia meksykańskiego chłopca, który marzy o karierze muzyka Coco
72%
Książę zostaje przemieniony w żabę i gdy Księżniczka pragnie go uratować spotkał ją ten sam los Księżniczka i żaba
70%
Walka o tron, jednak głównymi bohaterami są zwierzęta. Ojciec chce przekazać władze w ręce swojego syna, odzywa się jednak zazdrosny brat Król Lew
68%
Zrozpaczony ojciec poszukuje syna w morskim świecie Gdzie jest nemo?
65%
Zwierzęta wychowują osamotnione dziecko w dżungli Księga Dżungli
65%
Historia pracowników fabryki w mieście gdzie żyją tylko potwory. Potwory i spółka
65%
Wróżka wraz z przyjaciółmi stara się przywołać wiosnę na czas Dzwoneczek
58%
Dziewczyna udająca chłopaka w celu uratowania schorowanego ojca Mulan
58%
Smutna opowieść dziecka cyganki, który żyje w katedrze Dzwonnik z Notre Dame
51%
Robot mający za zadanie posprzątać cały świat ze śmieci tak aby ludzi mogli na niej zamieszkać Wall E
51%
Historia ubogiego chłopca zakochującego się w księżniczce, towarzyszy mu niebieski rodzaj ducha Aladyn
49%
Psi aktor, który wciela się w postać superbohatera Piorun
48%
Jeden z braci za karę zostaje przemieniony w dzikie zwierzę, na swojej drodze spotyka jednak młodego przyjaciela, który oferuje mu pomoc i powrót do dawnego wcielenia Mój brat niedźwiedź
47%
Komedia opowiada o niezwykłych przygodach młodego, aroganckiego władcy, który zostaje przemieniony w lamę Nowe szaty króla
43%
Film opowiadający o dziejach na wydziale straszologii Uniwersytetu dla stworzeń pragnących dostać się do pracy w popularnej fabryce Uniwersytet Potworny
43%
Opowiada o codziennym życiu robaków żyjących pod naszymi nogami Dawno temu w trawie
34%
Samotna dziewczyna spotyka na swojej drodze stworzenie, które wyszło z rąk złego naukowca. Okazuje się jednak, że stworek zostaje jej najlepszym przyjacielem Lilo i Stich
33%
Akcja dzieje się w nudnym mieście pełnym umarlaków i potworów. Połączone z amerykańskim świętem Miasteczko Halloween
19%
Nie znaleziono quizów pasujących do podanych kryteriów
Rozkład punktacji
Procent ludzi z każdym wynikiem
Percentyl według liczby udzielonych odpowiedzi
Twoja historia wyników
Nie rozwiązałeś tego quizu